| 000 | 00457nam a22001577a 4500 | ||
|---|---|---|---|
| 003 | OSt | ||
| 005 | 20140429091615.0 | ||
| 008 | 140429b xxu||||| |||| 00| 0 eng d | ||
| 050 |
_aE 178.3 _b.An545 1963 |
||
| 100 | _aAnderson, Lavere | ||
| 245 |
_aStories about America to read aloud / _cLavere Anderson.; illlustrated by Harry Beckhoff. |
||
| 260 |
_aNew York : _bWonder Books, _c1963. |
||
| 300 |
_a159 p. : _c20 cm. |
||
| 942 |
_2lcc _cBK |
||
| 999 |
_c115552 _d115552 |
||